000 00592nam a2200133Ia 4500
008 171212s9999 xx 000 0 und d
020 _a9781921666643
245 _ceditor Peters-Little, Frances;Curthoys, Ann;Docker, John
_aPassionate Histories
_bMyth, memory and Indigenous Australia
260 _bANU E Press
_c2010
440 _aAboriginal History Monographs
650 _aAboriginal Australians -- History; Aboriginal Australians -- Social life and customs; Mythology, Aboriginal Australian; Australia -- History
650 _aHistory
856 _uwww.jstor.org/stable/10.2307/j.ctt24h8pk
999 _c351247
_d351247